<?xml version="1.0" encoding="UTF-8"?>
<record
    xmlns:xsi="http://www.w3.org/2001/XMLSchema-instance"
    xsi:schemaLocation="http://www.loc.gov/MARC21/slim http://www.loc.gov/standards/marcxml/schema/MARC21slim.xsd"
    xmlns="http://www.loc.gov/MARC21/slim">

  <leader>01558    a2200205   4500</leader>
  <controlfield tag="001">39297</controlfield>
  <controlfield tag="005">20260407155652.0</controlfield>
  <controlfield tag="008">260407a1961    arg                 spa d</controlfield>
  <controlfield tag="003">AR-UNSa-BCEJYS</controlfield>
  <datafield tag="040" ind1=" " ind2=" ">
    <subfield code="a">AR-UNSa-BCEJYS</subfield>
    <subfield code="b">spa</subfield>
    <subfield code="c">AR-UNSa-BCEJYS</subfield>
  </datafield>
  <datafield tag="080" ind1=" " ind2=" ">
    <subfield code="a">911.3</subfield>
    <subfield code="x">Geograf&#xED;a humana. Geograf&#xED;a de los factores culturales</subfield>
  </datafield>
  <datafield tag="245" ind1="1" ind2="0">
    <subfield code="a">Tratado de geograf&#xED;a humana</subfield>
  </datafield>
  <datafield tag="250" ind1=" " ind2=" ">
    <subfield code="a">6a. ed</subfield>
  </datafield>
  <datafield tag="264" ind1=" " ind2="1">
    <subfield code="a">Barcelona :</subfield>
    <subfield code="b">Vicens-Vives</subfield>
    <subfield code="c">1961</subfield>
  </datafield>
  <datafield tag="300" ind1=" " ind2=" ">
    <subfield code="a">681 p.</subfield>
    <subfield code="c">23 cm.</subfield>
  </datafield>
  <datafield tag="505" ind1=" " ind2=" ">
    <subfield code="a">Parte I: Geograf&#xED;a de la poblaci&#xF3;n : 1. Los efectivos de la poblaci&#xF3;n - 2. Las causas de la distribuci&#xF3;n de los hombres - 3. Las variaciones de una poblaci&#xF3;n - 4. Composici&#xF3;n de una poblaci&#xF3;n - Parte II: Los modos de vida, los mecanismos y los sistemas econ&#xF3;micos: 1. Los mecanismos econ&#xF3;micos espont&#xE1;neos - 2. Los mecanismos impuestos por los cargos econ&#xF3;micos - 3. La intervenci&#xF3;n del estado - 4. Las formas de organizaci&#xF3;n econ&#xF3;mica - Parte III: Geograf&#xED;a agraria: 1. Los paisajes agrarios de las zonas ecuatorial y tropical - 2. Las explotaciones agrarias de la zona des&#xE9;rtica - 3. Los paisajes agrario de la zona y continetal del viejo Mundo - 5. Geograf&#xED;a agraria de los paises nuevos templados y fr&#xED;os - 6. Las agriculturas colectivas - 7. Los probelmas del h&#xE1;bitat rural - Parte IV: Las actividades no agricolas : 1. La localizaci&#xF3;n de la industria - 2. Tipos complejos industriales - 3. El lugar que ocupala industria en la econom&#xED;a de un Estado - Ap&#xE9;ndice</subfield>
  </datafield>
  <datafield tag="942" ind1=" " ind2=" ">
    <subfield code="c">BK</subfield>
  </datafield>
  <datafield tag="590" ind1=" " ind2=" ">
    <subfield code="a">niveau_biblio:m niveau_hierar:0</subfield>
  </datafield>
  <datafield tag="100" ind1="1" ind2=" ">
    <subfield code="a">Derrau, Max</subfield>
  </datafield>
  <datafield tag="999" ind1=" " ind2=" ">
    <subfield code="c">3009</subfield>
    <subfield code="d">3009</subfield>
  </datafield>
  <datafield tag="952" ind1=" " ind2=" ">
    <subfield code="0">0</subfield>
    <subfield code="1">0</subfield>
    <subfield code="4">0</subfield>
    <subfield code="7">0</subfield>
    <subfield code="a">BCEJYS</subfield>
    <subfield code="b">BCEJYS</subfield>
    <subfield code="c">16</subfield>
    <subfield code="d">2026-04-07</subfield>
    <subfield code="l">0</subfield>
    <subfield code="o">911.3 D438</subfield>
    <subfield code="p">L25612</subfield>
    <subfield code="r">2026-04-07 15:56:52</subfield>
    <subfield code="w">2026-04-07</subfield>
    <subfield code="y">L</subfield>
  </datafield>
  <datafield tag="952" ind1=" " ind2=" ">
    <subfield code="0">0</subfield>
    <subfield code="1">0</subfield>
    <subfield code="4">0</subfield>
    <subfield code="7">0</subfield>
    <subfield code="a">BCEJYS</subfield>
    <subfield code="b">BCEJYS</subfield>
    <subfield code="c">16</subfield>
    <subfield code="d">2026-04-07</subfield>
    <subfield code="l">0</subfield>
    <subfield code="o">911.3 D438</subfield>
    <subfield code="p">L25611</subfield>
    <subfield code="r">2026-04-07 15:56:52</subfield>
    <subfield code="w">2026-04-07</subfield>
    <subfield code="y">L</subfield>
  </datafield>
  <datafield tag="952" ind1=" " ind2=" ">
    <subfield code="0">0</subfield>
    <subfield code="1">0</subfield>
    <subfield code="4">0</subfield>
    <subfield code="7">0</subfield>
    <subfield code="a">BCEJYS</subfield>
    <subfield code="b">BCEJYS</subfield>
    <subfield code="c">16</subfield>
    <subfield code="d">2026-04-07</subfield>
    <subfield code="l">0</subfield>
    <subfield code="o">911.3 D438</subfield>
    <subfield code="p">L25607</subfield>
    <subfield code="r">2026-04-07 15:56:52</subfield>
    <subfield code="w">2026-04-07</subfield>
    <subfield code="y">L</subfield>
  </datafield>
  <datafield tag="952" ind1=" " ind2=" ">
    <subfield code="0">0</subfield>
    <subfield code="1">0</subfield>
    <subfield code="4">0</subfield>
    <subfield code="7">0</subfield>
    <subfield code="a">BCEJYS</subfield>
    <subfield code="b">BCEJYS</subfield>
    <subfield code="c">16</subfield>
    <subfield code="d">2026-04-07</subfield>
    <subfield code="l">0</subfield>
    <subfield code="o">911.3 D438</subfield>
    <subfield code="p">L25609</subfield>
    <subfield code="r">2026-04-07 15:56:52</subfield>
    <subfield code="w">2026-04-07</subfield>
    <subfield code="y">L</subfield>
  </datafield>
  <datafield tag="952" ind1=" " ind2=" ">
    <subfield code="0">0</subfield>
    <subfield code="1">0</subfield>
    <subfield code="4">0</subfield>
    <subfield code="7">0</subfield>
    <subfield code="a">BCEJYS</subfield>
    <subfield code="b">BCEJYS</subfield>
    <subfield code="c">16</subfield>
    <subfield code="d">2026-04-07</subfield>
    <subfield code="l">0</subfield>
    <subfield code="o">911.3 D438</subfield>
    <subfield code="p">L25608</subfield>
    <subfield code="r">2026-04-07 15:56:52</subfield>
    <subfield code="w">2026-04-07</subfield>
    <subfield code="y">L</subfield>
  </datafield>
  <datafield tag="952" ind1=" " ind2=" ">
    <subfield code="0">0</subfield>
    <subfield code="1">0</subfield>
    <subfield code="4">0</subfield>
    <subfield code="7">0</subfield>
    <subfield code="a">BCEJYS</subfield>
    <subfield code="b">BCEJYS</subfield>
    <subfield code="c">16</subfield>
    <subfield code="d">2026-04-07</subfield>
    <subfield code="l">0</subfield>
    <subfield code="o">911.3 D438</subfield>
    <subfield code="p">L25610</subfield>
    <subfield code="r">2026-04-07 15:56:52</subfield>
    <subfield code="w">2026-04-07</subfield>
    <subfield code="y">L</subfield>
  </datafield>
</record>
